De los carnavales y otras rumbas : folclor colombiano / (Registro nro. 3067)

Detalles MARC
000 -CABECERA
Longitud fija campo de control 00839nam a2200193Ia 4500
003 - • IDENTIFICADOR DELl NÚMERO DE CONTROL
Identificador del número de control CO-ViMGA
008 - • CÓDIGOS DE INFORMACIÓN DE LONGITUD FIJA
Códigos de información de longitud fija 141031s2008 c aobsga d s s
020 ## - • NÚMERO INTERNACIONAL NORMALIZADO PARA LIBROS
Número Internacional Normalizado para Libros (ISBN) 9789580511120
040 ## - FUENTE DE LA CATALOGACIÓN
Centro catalogador de origen CO-ViMGA
Lengua de catalogación spa
Centro transcriptor CO-ViMGA
082 04 - • NÚMERO DE LA CLASIFICACIÓN DECIMAL DEWEY
Número de clasificación (R) 398.09861
Número del ítem G87d
100 1# - • PUNTO DE ACCESO PRINCIPAL-NOMBRE DE PERSONA
Nombre de persona Guzmán Martínez, Clemencia
245 10 - • TITULO PROPIAMENTE DICHO
Título De los carnavales y otras rumbas : folclor colombiano /
Mención de responsabilidad, etc. Clemencia Guzmán Martínez
250 ## - • MENCIÓN DE EDICIÓN
Mención de edición Primera edición
300 ## - • DESCRIPCIÓN FÍSICA
Extensión 248 páginas
Otras características físicas ilustraciones, fotografías y mapas
505 ## - • NOTA DE CONTENIDO CON FORMATO
Nota de contenido con formato Orígenes de nuestro folclor : ¿de dónde viene el danzón? -- Cultura, identidad cultural y algo más -- Por el espinazo andino -- El litoral Atlántico -- El litoral Pacífico -- Llanos Orientales y Amazonia -- En el mar de los siete colores
650 14 - • PUNTO DE ACCESO ADICIONAL DE MATERIA - TÉRMINO DE MATERIA
Término de materia o nombre geográfico como elemento inicial Carnavales
Subdivisión geográfica Colombia
942 ## - ENTRADA DE ELEMENTOS AGREGADOS (KOHA)
Fuente de clasificaión o esquema Dewey Decimal Classification
Koha [por defecto] tipo de item LIbro
Existencias
Perdido Fuente de clasificación o esquema Estado Físico No para préstamo Forma de adquisición Localización permanente Localización actual Fecha adquisición Fuente de adquisición Préstamos totales Signatura completa Código de barras Fecha última consulta Fecha del precio de reemplazo Tipo de item de Koha Localización en estanterías Número de copia
  Dewey Decimal Classification     Colección General Biblioteca Pública Acacias - Carlos María Hernández Rojas Biblioteca Pública Acacias - Carlos María Hernández Rojas 09/05/2025     394.25 G89d ACA02816 09/05/2025 09/05/2025 LIbro General Ej.1
  Dewey Decimal Classification     Sala General Segundo Piso Biblioteca Pública Germán Arciniegas - Villavicencio Biblioteca Pública Germán Arciniegas - Villavicencio 09/01/2019 4892   398.09861 G89d 331279 03/14/2018 03/14/2018 LIbro    
  Dewey Decimal Classification       Biblioteca Pública Mapiripan - Jorge Eliecer Gaitán Biblioteca Pública Mapiripan - Jorge Eliecer Gaitán 08/14/2025     398.09861 G89d MPJG00519 08/14/2025 08/14/2025 LIbro   Ej.1
  Dewey Decimal Classification     Colección General Biblioteca Pública Medellin del Ariari - El Castillo Biblioteca Pública Medellin del Ariari - El Castillo 11/10/2024     398.09861 - G89D BM0001328 11/10/2024 11/10/2024 LIbro General Ej.1
  Clasificación Local Facetada     Colección General Biblioteca Pública Puerto Concordia Biblioteca Pública Puerto Concordia 02/10/2026     398.09861 G87d PCON00909 02/10/2026 02/10/2026 LIbro General Ej.1









Instituto Departamental de Cultura del Meta - Red Departamental de Bibliotecas Públicas del Meta.